<?xml version="1.0" encoding="UTF-8"?>
<collection xmlns="http://www.loc.gov/MARC21/slim">
 <record>
  <leader>00780pamaa2200181   4500</leader>
  <controlfield tag="001">0000020798</controlfield>
  <controlfield tag="005">20110506090000.0</controlfield>
  <datafield tag="020" ind1="0" ind2="0">
   <subfield code="a">9838840769 (pbk.) </subfield>
  </datafield>
  <datafield tag="090" ind1="0" ind2="0">
   <subfield code="a">JQ1062.A62P64 </subfield>
   <subfield code="b">ABD 2006</subfield>
  </datafield>
  <datafield tag="100" ind1="0" ind2="1">
   <subfield code="a">Abdul Aziz Bari </subfield>
  </datafield>
  <datafield tag="245" ind1="1" ind2="0">
   <subfield code="a">Politik perlembagaan : </subfield>
   <subfield code="b">suatu perbincangan tentang isu-isu semasa dari sudut perlembagaan dan undang-undang  </subfield>
   <subfield code="c">Abdul Aziz Bari.</subfield>
  </datafield>
  <datafield tag="260" ind1="0" ind2="0">
   <subfield code="a">Kuala Lumpur: </subfield>
   <subfield code="b">Institut Kajian Dasar (IKD), </subfield>
   <subfield code="c">2006.</subfield>
  </datafield>
  <datafield tag="300" ind1=" " ind2=" ">
   <subfield code="a">vii, 300 p.; </subfield>
   <subfield code="c">21 cm.</subfield>
  </datafield>
  <datafield tag="500" ind1="0" ind2="0">
   <subfield code="a">Issues on political aspect of Malaysian constitution, parliament, and democracy from legal perspective; collected articles</subfield>
  </datafield>
  <datafield tag="650" ind1="0" ind2="0">
   <subfield code="a">Monarchy -- </subfield>
   <subfield code="x">History -- </subfield>
   <subfield code="z">Great Britain </subfield>
  </datafield>
  <datafield tag="650" ind1="0" ind2="0">
   <subfield code="a">Law -- </subfield>
   <subfield code="x">Political aspects -- </subfield>
   <subfield code="z">Malaysia </subfield>
  </datafield>
  <datafield tag="650" ind1="0" ind2="0">
   <subfield code="a">Judicial process -- </subfield>
   <subfield code="z">Malaysia </subfield>
  </datafield>
  <datafield tag="901" ind1=" " ind2=" ">
   <subfield code="u">http://www.ikd.gov.my</subfield>
  </datafield>
 </record>
</collection>
